000 01196cam a22003014a 4500
001 13423427
003 OSt
005 20160910095622.0
008 031204s2004 nyua 000 0 eng
010 _a 2003024382
020 _a0-07-142652-3 (cloth : alk. paper)
040 _aDLC
_cDLC
_dDLC
042 _apcc
050 0 0 _aHG4529
_b.L83 2004
082 0 0 _aDC 332.632042
_22004
_bL96t
100 1 _aLuca, Cornelius.
245 1 0 _aTechnical analysis applications /
_cCornelius Luca.
260 _aNew York :
_bMcGraw-Hill,
_cc2004.
300 _av. 328 pages :
_billustrations ;
_c24 cm.
500 _aIncludes index.
650 0 _aInvestment analysis.
856 4 2 _3Publisher description
_uhttp://www.loc.gov/catdir/description/mh051/2003024382.html
856 4 2 _3Contributor biographical information
_uhttp://www.loc.gov/catdir/bios/mh042/2003024382.html
856 4 1 _3Table of contents
_uhttp://www.loc.gov/catdir/toc/ecip0411/2003024382.html
906 _a7
_bcbc
_corignew
_d1
_eecip
_f20
_gy-gencatlg
942 _2ddc
_cDC
999 _c4439
_d4439